horror movie villians by the movie - Statistics

General Stats
  • This quiz has been taken 81 times
  • The average score is 11 of 15
Answer Stats
horror movie villian % Correct
childs play chucky
96%
a nightmare on elm street freddy krueger
96%
it pennywise
94%
scream ghostface
91%
halloween michael myers
90%
texas chainsaw massacre leatherface
89%
saw jigsaw
87%
hellraiser pinhead
77%
friday the 13th jason voorhees
70%
alien xenomorph
70%
psycho norman bates
67%
american psycho patrick bateman
60%
misery annie wilkes
37%
orphan esther
31%
the fly seth brundle
19%
No matching quizzes found
Score Distribution
Percent of People with Each Score
Percentile by Number Answered
Your Score History
You have not taken this quiz